[Event "Titled Tuesday intern op 01st Aug Late"]
[Site "Chess.com INT"]
[Date "2023.08.01"]
[Round "11"]
[White "Ticona Rocabado, Licael Roderick"]
[Black "Samant, Neil"]
[Result "0-1"]
[WhiteElo "2415"]
[BlackElo "2082"]
[PlyCount "134"]
[EventDate "2023.08.01"]
[EventType "swiss (blitz)"]
[EventRounds "11"]
[EventCountry "USA"]
[SourceTitle "EXT 2024"]
[Source "ChessBase"]
[SourceDate "2023.10.10"]
[SourceVersion "1"]
[SourceVersionDate "2023.10.10"]
[SourceQuality "1"]

1. Nf3 c5 2. g3 b6 3. Bg2 Bb7 4. 0-0 Nf6 5. d3 e6 6. Nbd2 Be7 7. e4 d6 8. c3 0-0 9. Qe2 e5 10. Rd1 Qc7 11. Nc4 b5 12. Ne3 Rd8 13. Nf5 Bf8 14. Bg5 Nbd7 15. h4 h6 16. Bd2 d5 17. Nh2 c4 18. dxc4 dxc4 19. Ng4 Kh7 20. Nxf6+ Nxf6 21. g4 g6 22. Ng3 Rd3 23. g5 Ng8 24. h5 Bc5 25. Kh2 Rad8 26. gxh6 Qe7 27. hxg6+ fxg6 28. Nf1 Qh4+ 29. Kg1 Rf8 30. Be3 Bxe3 31. Nxe3 Bxe4 32. Bxe4 Qxe4 33. Rxd3 cxd3 34. Qg4 Qxg4+ 35. Nxg4 e4 36. Re1 Rf4 37. Ne3 Nxh6 38. Kg2 Nf5 39. Nd5 Rg4+ 40. Kh3 Rh4+ 41. Kg2 Kg7 42. b3 Kf7 43. c4 bxc4 44. bxc4 Ke6 45. Rb1 Rg4+ 46. Kf1 Rh4 47. Kg1 Ke5 48. Rb8 d2 49. Rb1 Kd4 50. Kf1 Kd3 51. Rb3+ Kc2 52. Nb4+ Kc1 53. Rc3+ Kb2 54. Rc2+ Ka3 55. Rxd2 Kxb4 56. Rd7 Kxc4 57. Rxa7 Rh1+ 58. Kg2 Ra1 59. Ra6 Kd4 60. Ra4+ Ke5 61. Ra8 Kf4 62. a4 g5 63. a5 Nh4+ 64. Kh2 Ra2 65. Rf8+ Kg4 66. Ra8 Nf3+ 67. Kg2 Ra1 0-1

[Event "PNWCC Online Masters"]
[Site "Chess.com INT"]
[Date "2020.05.23"]
[Round "3.39"]
[White "Samant, Neil"]
[Black "Xu, Jayden"]
[Result "1-0"]
[WhiteElo "1764"]
[BlackElo "1683"]
[PlyCount "51"]
[EventDate "2020.05.23"]
[EventType "swiss (rapid)"]
[EventRounds "9"]
[EventCountry "USA"]
[SourceTitle "CBM 196 Extra"]
[Source "ChessBase"]
[SourceDate "2020.07.31"]
[SourceVersion "1"]
[SourceVersionDate "2020.07.31"]
[SourceQuality "1"]

1. e4 c5 2. Nf3 d6 3. Bb5+ Bd7 4. Bxd7+ Nxd7 5. 0-0 Ngf6 6. Qe2 g6 7. c3 Bg7 8. d4 0-0 9. Nbd2 a6 10. e5 Nd5 11. Qe4 N5b6 12. e6 Nf6 13. exf7+ Rxf7 14. Qe6 h6 15. dxc5 dxc5 16. Ne5 Qd5 17. Qxf7+ Qxf7 18. Nxf7 Kxf7 19. Nb3 Rc8 20. Na5 Rc7 21. Bf4 Rd7 22. Rad1 Nbd5 23. Be5 b6 24. Nc6 b5 25. Bg3 Rb7 26. Nd8+ 1-0